Woodwork in theory Metric Edtion Book 4 (Record no. 9554)
[ view plain ]
| 000 -LEADER | |
|---|---|
| fixed length control field | 00512cam a2200205u 4500 |
| 001 - CONTROL NUMBER | |
| control field | 7885182 |
| 003 - CONTROL NUMBER IDENTIFIER | |
| control field | OSt |
| 005 - DATE AND TIME OF LATEST TRANSACTION | |
| control field | 20251008165451.0 |
| 008 - FIXED-LENGTH DATA ELEMENTS--GENERAL INFORMATION | |
| fixed length control field | 830623s1947 at a 000 0 eng |
| 020 ## - INTERNATIONAL STANDARD BOOK NUMBER | |
| International Standard Book Number | 0174443161 |
| 040 ## - CATALOGING SOURCE | |
| Transcribing agency | MUST |
| 050 00 - LIBRARY OF CONGRESS CALL NUMBER | |
| Classification number | 684.08 |
| 082 ## - DEWEY DECIMAL CLASSIFICATION NUMBER | |
| Classification number | 671 LYE 1971 |
| 100 1# - MAIN ENTRY--PERSONAL NAME | |
| Personal name | Lye P F |
| 9 (RLIN) | 8782 |
| 245 00 - TITLE STATEMENT | |
| Title | Woodwork in theory Metric Edtion Book 4 |
| 260 ## - PUBLICATION, DISTRIBUTION, ETC. (IMPRINT) | |
| Place of publication, distribution, etc. | United Kingdom |
| Name of publisher, distributor, etc. | Nelson Thornes Ltd |
| Date of publication, distribution, etc. | 1984 |
| 300 ## - PHYSICAL DESCRIPTION | |
| Extent | 76 p. |
| Other physical details | illus. |
| Dimensions | 22 cm. |
| 650 #0 - SUBJECT ADDED ENTRY--TOPICAL TERM | |
| Topical term or geographic name as entry element | Woodwork |
| 9 (RLIN) | 8783 |
| 942 ## - ADDED ENTRY ELEMENTS (KOHA) | |
| Source of classification or shelving scheme | Dewey Decimal Classification |
| Koha item type | Open Shelf |
| Withdrawn status | Lost status | Source of classification or shelving scheme | Damaged status | Not for loan | Home library | Current library | Date acquired | Source of acquisition | Inventory number | Total Checkouts | Full call number | Barcode | Date last seen | Price effective from | Koha item type |
|---|---|---|---|---|---|---|---|---|---|---|---|---|---|---|---|
| Dewey Decimal Classification | MUST Main Library | MUST Main Library | 08/10/2025 | Purchase | 08/31051 | 684.08 LYE 1984 | 2025-0105 | 08/10/2025 | 08/10/2025 | Open Shelf | |||||
| Other/Generic Classification Scheme | MUST Main Library | MUST Main Library | 08/10/2025 | Purchase | 04/21895 | 684.08 LYE 1984 | 2025-0106 | 08/10/2025 | 08/10/2025 | Open Shelf |
